Automatisace a společnost

Bibliographic Details
Main Author: Lilley, Samuel, 1914- (Author)
Format: Book
Language:Czech
English
PhysicalDescription:218 s. 19 cm
Published: Praha Orbis 1958
Edition:1. vyd.
Series:Malá moderní encyklopedie
Subjects:

MARC

LEADER 00000cam a2200000 a 4500
001 vtls008972978
003 SK-MaSNL
005 20260302005211.0
008 240315s1958 xr cr 001 0 cze
035 |a KURUK011502 
040 |a SNK  |b slo  |c SNK  |e AACR2 
041 1 |a cze  |h eng 
044 |a xr  |c CZ 
072 7 |a 681.5  |x Automatizačná a riadiaca technika  |2 konspekt 
080 |a 681.5  |2 2011 
080 |a 316.3  |2 2011 
080 |a (0:82-4)  |2 2011 
100 1 |a Lilley, Samuel,  |d 1914-  |4 aut  |9 533882 
240 1 0 |a Automation and Social Progress  |l Česky 
245 1 0 |a Automatisace a společnost  |c Samuel Lilley ; [z anglického originálu ... přeložil Jiří Loser] 
250 |a 1. vyd. 
260 |a Praha  |b Orbis  |c 1958 
300 |a 218 s.  |c 19 cm 
366 |e 17 500 výt. 
490 1 |a Malá moderní encyklopedie  |v sv. 5 
504 |a Bibliogr.: s .209-210 ; biogr. údaje o autorovi ; register 
650 0 7 |a automatizácia  |2 SNKPH  |9 1428 
650 0 7 |a spoločnosť  |2 SNKPH  |9 1013 
650 0 7 |a Automation  |2 SNKPHeng  |9 277006 
650 0 7 |a Society  |2 SNKPHeng  |9 265080 
655 7 |a eseje  |2 SNKPH  |9 57030 
655 7 |a Essays  |2 SNKPHeng  |9 267540 
830 0 |a Malá moderní encyklopedie  |9 290476 
852 |a Štátna vedecká knižnica v Banskej Bystrici 
999 |c 998664  |d 1000594 
952 |a SNK  |b SNK  |y VYP  |7 0  |p 17A0652070  |o snkID 22116  |0 0  |1 0  |4 0  |d 2010-03-17  |l 0  |r 2026-02-24 12:11:09  |w 2026-02-24